[Event "Leeuwarden op"]
[Site "Leeuwarden"]
[Date "1994.??.??"]
[Round "4"]
[White "Reinderman, Dimitri"]
[Black "Kharlov, Andrei"]
[Result "1-0"]
[WhiteElo "2450"]
[BlackElo "2530"]
[PlyCount "127"]
[EventDate "1994.07.??"]
[EventType "swiss"]
[EventRounds "9"]
[EventCountry "NED"]
[SourceTitle "EXT 1997"]
[Source "ChessBase"]
[SourceDate "1996.11.15"]
[SourceVersion "1"]
[SourceVersionDate "1996.11.15"]
[SourceQuality "1"]

1. c4 e6 2. Nc3 d5 3. d4 c6 4. e4 dxe4 5. Nxe4 Bb4+ 6. Bd2 Qxd4 7. Bxb4 Qxe4+
8. Ne2 Na6 9. Bf8 Ne7 10. Bxg7 Rg8 11. Qd4 Qxd4 12. Bxd4 c5 13. Bc3 Nb4 14.
Bxb4 cxb4 15. g3 Bd7 16. Bg2 Bc6 17. O-O O-O-O 18. Rfd1 Bxg2 19. Kxg2 Nc6 20.
f4 Kc7 21. f5 exf5 22. Nf4 Rge8 23. b3 Ne7 24. Kf3 a5 25. Nh5 Nc6 26. Nf6 Re6
27. Rxd8 Kxd8 28. Rd1+ Kc8 29. Nd5 Re4 30. Kf2 h6 31. Rd2 Kb8 32. Nf6 Re6 33.
Nd5 Ne5 34. h3 Ng6 35. Rd4 Rd6 36. Ke3 b6 37. Rd1 Re6+ 38. Kf3 Kb7 39. Ne3 Rf6
40. Rd5 f4 41. Ng4 Re6 42. gxf4 Re1 43. Rd7+ Ka6 44. Rxf7 h5 45. Ne3 Rh1 46.
Ke4 Rxh3 47. c5 Nxf4 48. Rxf4 bxc5 49. Rf6+ Ka7 50. Rf2 h4 51. Nc4 Rg3 52. Rf7+
Ka6 53. Rf6+ Ka7 54. Rf7+ Ka6 55. Rf6+ Ka7 56. Nxa5 Rg2 57. Kd5 Rg5+ 58. Kc6
Rh5 59. Rf2 Ka6 60. Nc4 h3 61. Rh2 Ka7 62. Ne3 Ka6 63. Nd5 Ka5 64. Kxc5 1-0

[Event "Leeuwarden op"]
[Site "Leeuwarden"]
[Date "1994.??.??"]
[Round "5"]
[White "Kharlov, Andrei"]
[Black "Van de Mortel, Jan"]
[Result "1-0"]
[WhiteElo "2530"]
[BlackElo "2335"]
[PlyCount "127"]
[EventDate "1994.07.??"]
[EventType "swiss"]
[EventRounds "9"]
[EventCountry "NED"]
[SourceTitle "EXT 1997"]
[Source "ChessBase"]
[SourceDate "1996.11.15"]
[SourceVersion "1"]
[SourceVersionDate "1996.11.15"]
[SourceQuality "1"]

1. e4 c5 2. c3 d6 3. d4 Nf6 4. dxc5 Nc6 5. Qc2 dxc5 6. Bf4 g6 7. Na3 Bg7 8. Rd1
Nd7 9. Nb5 Nce5 10. Nf3 Qb6 11. Nxe5 Nxe5 12. Rd5 a6 13. Na3 Nd7 14. Nc4 Qa7
15. a4 b6 16. Be2 O-O 17. O-O Nf6 18. Rd2 Be6 19. Rfd1 b5 20. Ne3 c4 21. e5 Nd7
22. axb5 axb5 23. Bg4 Nc5 24. Bxe6 fxe6 25. Bg3 Qc7 26. Re2 Rfd8 27. Rf1 Rd3
28. Ng4 Qb7 29. Bf4 h5 30. Nh6+ Bxh6 31. Bxh6 Nb3 32. Re3 Rad8 33. Bg5 Kg7 34.
Rxd3 Rxd3 35. Qe2 Kf7 36. h3 Qd5 37. Re1 Qc6 38. Kh2 Qd5 39. Qc2 Qc6 40. f3 Qd5
41. Qf2 Rd1 42. Rxd1 Qxd1 43. Qa7 Qd8 44. Qb7 Qe8 45. Qc7 Na1 46. Kg3 Nc2 47.
Kf2 Na1 48. g4 Nc2 49. Ke2 Na1 50. Qa7 Nb3 51. Qc7 Na1 52. Kf2 Nc2 53. Qb7 Na1
54. gxh5 gxh5 55. Kg3 Nb3 56. Qc7 Na1 57. Kh4 Kg6 58. Qa7 Nb3 59. Qb6 Qf7 60.
Qd8 Nc5 61. Qh8 Qxf3 62. Qg8+ Kf5 63. Qf8+ Ke4 64. Qa8+ 1-0

[Event "Leeuwarden op"]
[Site "Leeuwarden"]
[Date "1994.??.??"]
[Round "7"]
[White "Kharlov, Andrei"]
[Black "Cifuentes Parada, Roberto"]
[Result "1-0"]
[WhiteElo "2530"]
[BlackElo "2490"]
[PlyCount "95"]
[EventDate "1994.07.??"]
[EventType "swiss"]
[EventRounds "9"]
[EventCountry "NED"]
[SourceTitle "EXT 1997"]
[Source "ChessBase"]
[SourceDate "1996.11.15"]
[SourceVersion "1"]
[SourceVersionDate "1996.11.15"]
[SourceQuality "1"]

1. d4 d5 2. Nf3 c5 3. dxc5 e6 4. e4 Nf6 5. exd5 Qxd5 6. Bd3 Bxc5 7. Nc3 Qd8 8.
O-O Nbd7 9. Bf4 a6 10. Ne4 Nxe4 11. Bxe4 Nf6 12. Qxd8+ Kxd8 13. Rad1+ Ke7 14.
Nd2 Rd8 15. Bf3 a5 16. a4 Nd5 17. Bxd5 exd5 18. Nb3 Bb6 19. Rfe1+ Be6 20. Bg5+
f6 21. Be3 Bxe3 22. Rxe3 Kf7 23. Nc5 Bc8 24. Rb3 Rb8 25. Rb6 Kg6 26. Rd2 d4 27.
h3 Bf5 28. g4 Bd7 29. Rxb7 Rxb7 30. Nxb7 Rb8 31. Nc5 Bc6 32. b3 Re8 33. Nd3 Kg5
34. Kh2 h5 35. Kg3 h4+ 36. Kh2 Bf3 37. Kg1 f5 38. gxf5 Kxf5 39. Kf1 Bb7 40. Nb2
Be4 41. Nc4 Rd8 42. f3 Ba8 43. Kf2 d3 44. Rxd3 Rxd3 45. cxd3 Kf4 46. Nxa5 Bxf3
47. b4 g5 48. b5 1-0

[Event "Leeuwarden op"]
[Site "Leeuwarden"]
[Date "1994.??.??"]
[Round "8"]
[White "Shcherbakov, Ruslan"]
[Black "Kharlov, Andrei"]
[Result "0-1"]
[WhiteElo "2510"]
[BlackElo "2530"]
[PlyCount "68"]
[EventDate "1994.07.??"]
[EventType "swiss"]
[EventRounds "9"]
[EventCountry "NED"]
[SourceTitle "EXT 1997"]
[Source "ChessBase"]
[SourceDate "1996.11.15"]
[SourceVersion "1"]
[SourceVersionDate "1996.11.15"]
[SourceQuality "1"]

1. d4 d5 2. c4 dxc4 3. e4 Nf6 4. e5 Nd5 5. Bxc4 Nb6 6. Bb3 Bf5 7. Nc3 e6 8. Be3
Be7 9. Nge2 O-O 10. Ng3 Bg6 11. O-O Nc6 12. f4 Na5 13. d5 Nxb3 14. Qxb3 Bd3 15.
d6 cxd6 16. Rfd1 dxe5 17. Nce4 exf4 18. Rxd3 Qb8 19. Bd4 fxg3 20. Rxg3 g6 21.
Qe3 Rd8 22. Rf1 Rxd4 23. Qxd4 Qd8 24. Qe5 Nd5 25. Rgf3 Qb6+ 26. Kh1 Rf8 27. b3
f6 28. Qb2 f5 29. Nd2 Ne3 30. Re1 Bf6 31. Qb1 Ng4 32. h3 Nf2+ 33. Kh2 Qd6+ 34.
Kg1 Qxd2 0-1

[Event "Leeuwarden op"]
[Site "Leeuwarden"]
[Date "1994.??.??"]
[Round "9"]
[White "Kharlov, Andrei"]
[Black "Dvoirys, Semen"]
[Result "1-0"]
[WhiteElo "2530"]
[BlackElo "2535"]
[PlyCount "81"]
[EventDate "1994.07.??"]
[EventType "swiss"]
[EventRounds "9"]
[EventCountry "NED"]
[SourceTitle "EXT 1997"]
[Source "ChessBase"]
[SourceDate "1996.11.15"]
[SourceVersion "1"]
[SourceVersionDate "1996.11.15"]
[SourceQuality "1"]

1. e4 c5 2. Ne2 Nf6 3. Nbc3 e5 4. Ng3 g6 5. Bc4 Bg7 6. d3 Nc6 7. h4 h5 8. Bg5
Ne7 9. Qf3 Qb6 10. Nge2 O-O 11. a4 a6 12. a5 Qd6 13. Na4 Nc6 14. Nb6 Rb8 15. c3
Kh7 16. Nc1 Nd8 17. Nb3 Ng4 18. Qe2 Ne6 19. f3 Nh6 20. Bxe6 Qxe6 21. Nxc5 Qc6
22. Nca4 d6 23. Nxc8 Rbxc8 24. Nb6 Rce8 25. g4 hxg4 26. fxg4 f5 27. Bxh6 fxe4
28. dxe4 Bxh6 29. g5 Bg7 30. h5 Kg8 31. Nd5 Rf4 32. hxg6 Re6 33. Nxf4 exf4 34.
O-O-O Rxe4 35. Qd2 Re3 36. Qc2 Bxc3 37. Qb3+ d5 38. Qxd5+ Qxd5 39. Rxd5 Bg7 40.
Rd8+ Bf8 41. Rh7 1-0

[Event "Berliner Sommer 12th"]
[Site "Berlin"]
[Date "1994.??.??"]
[Round "?"]
[White "Ginsburg, Gennadij"]
[Black "Kharlov, Andrei"]
[Result "0-1"]
[WhiteElo "2430"]
[BlackElo "2530"]
[PlyCount "88"]
[EventDate "1994.08.??"]
[EventType "swiss"]
[EventRounds "9"]
[EventCountry "GER"]
[SourceTitle "EXT 1997"]
[Source "ChessBase"]
[SourceDate "1996.11.15"]
[SourceVersion "1"]
[SourceVersionDate "1996.11.15"]
[SourceQuality "1"]

1. e4 c5 2. Nf3 Nc6 3. d4 cxd4 4. Nxd4 Nf6 5. Nc3 e6 6. Ndb5 d6 7. Bf4 e5 8.
Bg5 a6 9. Na3 Be6 10. Nc4 Rc8 11. Bxf6 Qxf6 12. Nb6 Rb8 13. Bd3 Qd8 14. Nbd5 g6
15. O-O Bh6 16. Ne3 Bxe3 17. fxe3 O-O 18. Qd2 Qb6 19. b3 Ne7 20. Rf2 Rbc8 21.
Rd1 Kg7 22. Ne2 Qc5 23. Ng3 f6 24. h3 Rc6 25. Rdf1 b5 26. Rf3 Qa3 27. Qf2 Ng8
28. Ne2 Qxa2 29. g4 Rc7 30. Ng3 Kh8 31. Kh1 Qa5 32. Rg1 Rg7 33. Ne2 Qd8 34. h4
Nh6 35. Rfg3 Qc8 36. Qg2 g5 37. h5 b4 38. Qf3 a5 39. Kh2 Ra7 40. Kh3 a4 41.
bxa4 Rxa4 42. Rb1 Qe8 43. Kh2 Qd7 44. Kh3 Kg7 0-1

[Event "Berliner Sommer 12th"]
[Site "Berlin"]
[Date "1994.??.??"]
[Round "?"]
[White "Kharlov, Andrei"]
[Black "Badea, Bela"]
[Result "1-0"]
[WhiteElo "2530"]
[BlackElo "2435"]
[PlyCount "107"]
[EventDate "1994.08.??"]
[EventType "swiss"]
[EventRounds "9"]
[EventCountry "GER"]
[SourceTitle "EXT 1997"]
[Source "ChessBase"]
[SourceDate "1996.11.15"]
[SourceVersion "1"]
[SourceVersionDate "1996.11.15"]
[SourceQuality "1"]

1. e4 c5 2. c3 d5 3. exd5 Qxd5 4. d4 Nf6 5. Nf3 e6 6. Be2 cxd4 7. cxd4 Nc6 8.
O-O Be7 9. Nc3 Qd6 10. Nb5 Qd8 11. Bf4 Nd5 12. Bg3 O-O 13. Bc4 a6 14. Bxd5 axb5
15. Be4 Qb6 16. Bf4 Rd8 17. Be3 Qa5 18. Qc2 g6 19. Bxc6 bxc6 20. Qxc6 b4 21.
Ne5 f6 22. Nc4 Qa6 23. d5 Bd7 24. Qxa6 Rxa6 25. d6 Bf8 26. Bb6 Rc8 27. b3 Rxc4
28. bxc4 Rxb6 29. c5 Rc6 30. Rfc1 e5 31. Rab1 Kf7 32. Rxb4 Bxd6 33. Rb7 Bc7 34.
h4 Bc8 35. Ra7 Ke6 36. Rc3 h5 37. a4 e4 38. a5 Ba6 39. Rb3 Kd5 40. Rb6 Bc8 41.
Rxc6 Kxc6 42. a6 Be5 43. Ra8 Bxa6 44. Rxa6+ Kxc5 45. Ra8 g5 46. g4 hxg4 47. h5
f5 48. h6 Bd4 49. Rc8+ Kb4 50. Rd8 Bf6 51. Rf8 Bd4 52. Kf1 f4 53. h7 f3 54. Re8
1-0

[Event "Berliner Sommer 12th"]
[Site "Berlin"]
[Date "1994.??.??"]
[Round "?"]
[White "Kharlov, Andrei"]
[Black "Malisauskas, Vidmantas"]
[Result "1-0"]
[WhiteElo "2530"]
[BlackElo "2510"]
[PlyCount "99"]
[EventDate "1994.08.??"]
[EventType "swiss"]
[EventRounds "9"]
[EventCountry "GER"]
[SourceTitle "EXT 1997"]
[Source "ChessBase"]
[SourceDate "1996.11.15"]
[SourceVersion "1"]
[SourceVersionDate "1996.11.15"]
[SourceQuality "1"]

1. e4 c6 2. d4 d5 3. exd5 cxd5 4. c4 Nf6 5. Nc3 g6 6. Qb3 Bg7 7. cxd5 O-O 8.
Nge2 Nbd7 9. Nf4 Qb6 10. Be3 Qxb3 11. axb3 Nb6 12. Be2 Rd8 13. Ra5 Bg4 14. f3
Bf5 15. g4 Bc2 16. g5 Ne8 17. Ra3 Nc7 18. Bc4 Nc8 19. Ke2 Nd6 20. Rc1 Bf5 21.
Raa1 Bd7 22. Bd3 Nf5 23. Bxf5 Bxf5 24. Ra5 b6 25. Raa1 Rd7 26. Ra4 e6 27. Rca1
Nxd5 28. Nfxd5 exd5 29. Ra6 Bc2 30. Rxb6 axb6 31. Rxa8+ Bf8 32. b4 Kg7 33. Bf4
Bd6 34. Bxd6 Rxd6 35. Kd2 Bb3 36. b5 h6 37. h4 hxg5 38. hxg5 f6 39. Ra7+ Kf8
40. f4 fxg5 41. fxg5 Ke8 42. Rc7 Kd8 43. Rc6 Kd7 44. Ne2 Ba2 45. Kc2 Bc4 46.
Nf4 Bxb5 47. Rxd6+ Kxd6 48. Nxg6 Bd7 49. Kc3 Bf5 50. Ne5 1-0

[Event "Berliner Sommer 12th"]
[Site "Berlin"]
[Date "1994.??.??"]
[Round "?"]
[White "Kharlov, Andrei"]
[Black "Schlenker, Jochen"]
[Result "1-0"]
[WhiteElo "2530"]
[BlackElo "2205"]
[PlyCount "119"]
[EventDate "1994.08.??"]
[EventType "swiss"]
[EventRounds "9"]
[EventCountry "GER"]
[SourceTitle "EXT 1997"]
[Source "ChessBase"]
[SourceDate "1996.11.15"]
[SourceVersion "1"]
[SourceVersionDate "1996.11.15"]
[SourceQuality "1"]

1. e4 e6 2. d4 d5 3. Nc3 Bb4 4. e5 c5 5. a3 Bxc3+ 6. bxc3 Ne7 7. Nf3 Qa5 8. Bd2
Nbc6 9. c4 Qc7 10. c3 Bd7 11. Rc1 dxc4 12. Bxc4 Na5 13. Ba2 c4 14. Ng5 Bc6 15.
Qh5 g6 16. Qh3 Nf5 17. f3 O-O-O 18. g4 Nxd4 19. cxd4 Rxd4 20. Qg3 Rxd2 21. Kxd2
Qd8+ 22. Kc2 Qxg5 23. f4 Qe7 24. Rhe1 Rd8 25. Qc3 Qc5 26. Kb1 Rd4 27. Qb4 b6
28. Qxc5 bxc5 29. f5 gxf5 30. gxf5 Be4+ 31. Kb2 Bxf5 32. Bb1 Bxb1 33. Rxb1 Rd2+
34. Kc3 Rxh2 35. Rh1 Rxh1 36. Rxh1 Nc6 37. Rh5 Kc7 38. Kxc4 Kb6 39. Rg5 Na5+
40. Kd3 Kb5 41. Rg7 c4+ 42. Kc3 Nc6 43. Rxf7 Kc5 44. Rd7 Nxe5 45. Rxa7 h6 46.
Rh7 Nc6 47. Rxh6 e5 48. Rh7 Nd4 49. Rc7+ Nc6 50. Rb7 Nd4 51. Rc7+ Nc6 52. Rc8
Kd5 53. Ra8 Kc5 54. Ra4 Kd5 55. Rxc4 Nd4 56. Rc8 Nb5+ 57. Kb4 Nd6 58. Rc1 e4
59. a4 e3 60. a5 1-0

[Event "Berliner Sommer 12th"]
[Site "Berlin"]
[Date "1994.??.??"]
[Round "?"]
[White "Kharlov, Andrei"]
[Black "Von Herman, Ulf"]
[Result "1-0"]
[WhiteElo "2530"]
[BlackElo "2290"]
[PlyCount "65"]
[EventDate "1994.08.??"]
[EventType "swiss"]
[EventRounds "9"]
[EventCountry "GER"]
[SourceTitle "EXT 1997"]
[Source "ChessBase"]
[SourceDate "1996.11.15"]
[SourceVersion "1"]
[SourceVersionDate "1996.11.15"]
[SourceQuality "1"]

1. e4 c6 2. d4 d5 3. exd5 cxd5 4. c4 Nf6 5. Nc3 e6 6. Nf3 Bb4 7. cxd5 Nxd5 8.
Qc2 Bd7 9. Bd3 Bc6 10. a3 Ba5 11. Bg5 Nf6 12. b4 Bxf3 13. gxf3 Bb6 14. d5 Nbd7
15. dxe6 Ne5 16. exf7+ Kf8 17. Be2 Rc8 18. Rc1 Nxf7 19. Bd2 Bd4 20. Qa2 Nd6 21.
Qe6 Rc6 22. Qh3 Qe7 23. Nd1 Rxc1 24. Bxc1 Kf7 25. Be3 Qe5 26. O-O Re8 27. Qg3
Qd5 28. Bxd4 Nf5 29. Qc7+ Re7 30. Qc8 Rxe2 31. Nc3 Qxf3 32. Nxe2 Qxe2 33. Qxf5
1-0

[Event "Berliner Sommer 12th"]
[Site "Berlin"]
[Date "1994.??.??"]
[Round "?"]
[White "Roeder, Mathias"]
[Black "Kharlov, Andrei"]
[Result "1/2-1/2"]
[WhiteElo "2425"]
[BlackElo "2530"]
[PlyCount "115"]
[EventDate "1994.08.??"]
[EventType "swiss"]
[EventRounds "9"]
[EventCountry "GER"]
[SourceTitle "EXT 1997"]
[Source "ChessBase"]
[SourceDate "1996.11.15"]
[SourceVersion "1"]
[SourceVersionDate "1996.11.15"]
[SourceQuality "1"]

1. d4 d5 2. c4 dxc4 3. Nf3 a6 4. e3 Bg4 5. Bxc4 e6 6. h3 Bh5 7. Nc3 Nf6 8. g4
Bg6 9. Ne5 Nbd7 10. Nxg6 hxg6 11. g5 Ng8 12. d5 Nb6 13. Bb3 e5 14. d6 Bxd6 15.
Qf3 Qd7 16. Qxb7 Rd8 17. Bd2 a5 18. Nd5 Nxd5 19. Qxd5 a4 20. Bc4 c6 21. Qe4 Ne7
22. O-O-O Qf5 23. Qg4 Bc7 24. Bb4 Nd5 25. Bc5 e4 26. Qxf5 gxf5 27. h4 Nb6 28.
Rxd8+ Bxd8 29. Bxb6 Bxb6 30. h5 Bd8 31. h6 g6 32. Rg1 Be7 33. Kc2 O-O 34. Rd1
Kh7 35. Rd7 Bxg5 36. Kd1 Kxh6 37. Bxf7 Bf6 38. b3 axb3 39. axb3 Ra8 40. Ke2 c5
41. Rd2 Ra7 42. Bd5 Bc3 43. Rc2 Bb4 44. f3 exf3+ 45. Kxf3 Ra1 46. e4 Kg5 47.
exf5 gxf5 48. Bc4 Rh1 49. Rg2+ Kf6 50. Re2 Bc3 51. Re8 Rh3+ 52. Kg2 Rh5 53. Kf3
Bd2 54. Rf8+ Ke7 55. Rf7+ Kd6 56. Rf6+ Kc7 57. Bf7 Rg5 58. Rg6 1/2-1/2

[Event "Berliner Sommer 12th"]
[Site "Berlin"]
[Date "1994.??.??"]
[Round "?"]
[White "Solonar, Stefan"]
[Black "Kharlov, Andrei"]
[Result "1-0"]
[WhiteElo "2400"]
[BlackElo "2530"]
[PlyCount "71"]
[EventDate "1994.08.??"]
[EventType "swiss"]
[EventRounds "9"]
[EventCountry "GER"]
[SourceTitle "TD"]
[Source "ChessBase"]
[SourceDate "1994.03.01"]
[SourceVersion "1"]
[SourceVersionDate "1994.03.01"]
[SourceQuality "1"]

1. c4 e6 2. Nc3 d5 3. cxd5 exd5 4. d4 c6 5. Bf4 Bf5 6. e3 Nf6 7. Nf3 Qb6 8. Qc1
Nbd7 9. Be2 Be7 10. O-O O-O 11. Ne5 a5 12. Nxd7 Nxd7 13. Rd1 a4 14. Bd3 Bxd3
15. Rxd3 Qa6 16. Qc2 Nb6 17. Re1 Bb4 18. Rc1 Nc4 19. e4 Rfe8 20. e5 Re6 21. Rh3
h6 22. Ne4 dxe4 23. Qxc4 Qa5 24. Rd1 g5 25. Rg3 Rg6 26. d5 cxd5 27. Rxd5 Rd8
28. Rxd8+ Qxd8 29. h4 Qd1+ 30. Kh2 Qh5 31. Bxg5 hxg5 32. Qxb4 Qxh4+ 33. Kg1 Rc6
34. Qd2 Rg6 35. Qd8+ Kg7 36. Rh3 1-0

[Event "RUS-ch"]
[Site "Elista"]
[Date "1994.??.??"]
[Round "2"]
[White "Kharlov, Andrei"]
[Black "Yasinsky, Vladimir"]
[Result "1-0"]
[WhiteElo "2530"]
[BlackElo "2360"]
[PlyCount "68"]
[EventDate "1994.09.??"]
[EventType "swiss"]
[EventRounds "11"]
[EventCountry "RUS"]
[SourceTitle "CBM 044"]
[Source "ChessBase"]
[SourceDate "1995.02.01"]
[SourceVersion "1"]
[SourceVersionDate "1995.02.01"]
[SourceQuality "1"]

1. d4 d5 2. Nf3 c6 3. c4 e6 4. Qc2 Nf6 5. Bg5 Nbd7 6. Nbd2 Qa5 7. a3 dxc4 8.
Qxc4 c5 9. dxc5 Qxc5 10. e3 Qxc4 11. Bxc4 Bd6 12. Ke2 Nb6 13. Bd3 Bd7 14. Rhc1
O-O 15. Ne4 Nxe4 16. Bxe4 f6 17. Bh4 Rab8 18. Nd4 f5 19. Bd3 a6 20. Bc2 Be5 21.
Rd1 Kf7 22. Bb3 g6 23. Bg3 Bxg3 24. hxg3 Rbc8 25. f4 Kf6 26. Nf3 Bb5+ 27. Kf2
Bc4 28. Bxc4 Nxc4 29. Rd7 Rf7 30. Rad1 Rc7 31. Rxf7+ Rxf7 32. Rd8 Nxb2 33. Ne5
Re7 34. Rd4 $138 b5 {time} 1-0

[Event "RUS-ch"]
[Site "Elista"]
[Date "1994.??.??"]
[Round "5"]
[White "Kiriakov, Petr"]
[Black "Kharlov, Andrei"]
[Result "1/2-1/2"]
[WhiteElo "2475"]
[BlackElo "2530"]
[PlyCount "46"]
[EventDate "1994.09.??"]
[EventType "swiss"]
[EventRounds "11"]
[EventCountry "RUS"]
[SourceTitle "CBM 044"]
[Source "ChessBase"]
[SourceDate "1995.02.01"]
[SourceVersion "1"]
[SourceVersionDate "1995.02.01"]
[SourceQuality "1"]

1. d4 d6 2. c4 f5 3. Nc3 Nf6 4. f3 e5 5. dxe5 dxe5 6. Qxd8+ Kxd8 7. Bg5 c6 8.
e4 h6 9. O-O-O+ Kc7 10. Be3 f4 11. Bf2 Be6 12. g3 fxg3 13. hxg3 Nbd7 14. Na4
Be7 15. b3 Rhf8 16. Bh3 Bxh3 17. Nxh3 Nh7 18. Rd3 b6 19. Kd2 Rf7 20. Ke2 Ndf6
21. Rhd1 Rd8 22. Rxd8 Bxd8 23. Nb2 Ng5 1/2-1/2

[Event "RUS-ch"]
[Site "Elista"]
[Date "1994.??.??"]
[Round "6"]
[White "Kharlov, Andrei"]
[Black "Rashkovsky, Nukhim"]
[Result "1/2-1/2"]
[WhiteElo "2530"]
[BlackElo "2510"]
[PlyCount "73"]
[EventDate "1994.09.??"]
[EventType "swiss"]
[EventRounds "11"]
[EventCountry "RUS"]
[SourceTitle "CBM 044"]
[Source "ChessBase"]
[SourceDate "1995.02.01"]
[SourceVersion "1"]
[SourceVersionDate "1995.02.01"]
[SourceQuality "1"]

1. e4 c5 2. d3 d5 3. exd5 Qxd5 4. Nc3 Qd8 5. g3 Bd7 6. Bg2 Bc6 7. Nf3 Nd7 8.
O-O Ngf6 9. a4 e6 10. Bf4 Be7 11. Nd2 Bxg2 12. Kxg2 Nd5 13. Nxd5 exd5 14. Re1
O-O 15. Qf3 Nf6 16. Nf1 Qd7 17. Ne3 d4 18. Nc4 Nd5 19. Bd6 Bxd6 20. Qxd5 Rad8
21. Re4 b6 22. b4 Qc7 23. Qh5 cxb4 24. Rxd4 Be7 25. Rxd8 Rxd8 26. Re1 Bf8 27.
Qb5 g6 28. Kg1 Bc5 29. Re8+ Kg7 30. Rxd8 Qxd8 31. Nd2 Qd4 32. Ne4 f5 33. Nxc5
Qxc5 34. Qd7+ Kh6 35. Qxa7 Qxc2 36. Qxb6 b3 37. Qe3+ 1/2-1/2

[Event "RUS-ch"]
[Site "Elista"]
[Date "1994.??.??"]
[Round "8"]
[White "Kharlov, Andrei"]
[Black "Shcherbakov, Ruslan"]
[Result "1/2-1/2"]
[WhiteElo "2530"]
[BlackElo "2510"]
[PlyCount "81"]
[EventDate "1994.09.??"]
[EventType "swiss"]
[EventRounds "11"]
[EventCountry "RUS"]
[SourceTitle "CBM 044"]
[Source "ChessBase"]
[SourceDate "1995.02.01"]
[SourceVersion "1"]
[SourceVersionDate "1995.02.01"]
[SourceQuality "1"]

1. e4 c5 2. d3 g6 3. g3 Bg7 4. Bg2 Nc6 5. f4 e6 6. Nf3 Nge7 7. O-O O-O 8. c3 b6
9. Be3 Ba6 10. Na3 d5 11. e5 f6 12. exf6 Bxf6 13. Re1 Qd7 14. Bf2 Nf5 15. g4
Ng7 16. Nc2 Be7 17. Bg3 Rf7 18. Qd2 Raf8 19. Rf1 Bd6 20. Ne5 Nxe5 21. fxe5 Be7
22. Rxf7 Rxf7 23. Ne1 d4 24. c4 Bb7 25. Bxb7 Qxb7 26. Qg2 Qxg2+ 27. Kxg2 Ne8
28. Nf3 a5 29. a3 Nc7 30. b4 cxb4 31. Nxd4 bxa3 32. Nc6 Bc5 33. d4 Bf8 34. Be1
b5 35. Bxa5 bxc4 36. Nd8 Rd7 37. Bxc7 Rxc7 38. Nxe6 Ra7 39. d5 Bb4 40. d6 a2
41. d7 1/2-1/2

[Event "RUS-ch"]
[Site "Elista"]
[Date "1994.??.??"]
[Round "9"]
[White "Varavin, Viktor"]
[Black "Kharlov, Andrei"]
[Result "1/2-1/2"]
[WhiteElo "2510"]
[BlackElo "2530"]
[PlyCount "215"]
[EventDate "1994.09.??"]
[EventType "swiss"]
[EventRounds "11"]
[EventCountry "RUS"]
[SourceTitle "CBM 044"]
[Source "ChessBase"]
[SourceDate "1995.02.01"]
[SourceVersion "1"]
[SourceVersionDate "1995.02.01"]
[SourceQuality "1"]

1. e4 c5 2. Nf3 Nc6 3. d4 cxd4 4. Nxd4 Nf6 5. Nc3 e6 6. Ndb5 d6 7. Bf4 e5 8.
Bg5 a6 9. Na3 Be6 10. Nc4 Rc8 11. Nd5 Bxd5 12. Bxf6 gxf6 13. Qxd5 Nd4 14. Bd3
Qe7 15. Qa5 Rc5 16. Qd2 Qc7 17. c3 Ne6 18. Ne3 Bh6 19. O-O Qb6 20. g3 Rc6 21.
Rae1 Rg8 22. Kh1 Bxe3 23. Rxe3 Ke7 24. b3 Rgc8 25. Bc4 Qa5 26. Bd5 Rxc3 27. Bc4
R8xc4 28. bxc4 Ra3 29. Qd5 Rxa2 30. Qxb7+ Qc7 31. Rb3 Rc2 32. Qxc7+ Nxc7 33.
Rb4 Ne6 34. Rb7+ Kf8 35. Rb6 Nc5 36. f3 Rd2 37. Kg1 a5 38. Rbb1 Ke7 39. Rfd1
Rc2 40. Rb6 a4 41. Rbxd6 a3 42. R6d2 Rxc4 43. Ra2 Rc3 44. Rda1 Rxf3 45. Rxa3
Rxa3 46. Rxa3 Nxe4 47. g4 Kf8 48. Ra4 Nc5 49. Ra8+ Kg7 50. Kg2 Ne6 51. Kf3 h6
52. Ke4 Ng5+ 53. Ke3 Ne6 54. Re8 Nf4 55. Kf3 Ne6 56. h4 Nf4 57. h5 Ne6 58. Ke4
Nc5+ 59. Kd5 Ne6 60. Re7 Nf4+ 61. Ke4 Ne6 62. Ra7 Nf4 63. Ra6 Ne6 64. Ra1 Nf4
65. Ra7 Kg8 66. Rb7 Kg7 67. Rb6 Ng2 68. Kd3 Nf4+ 69. Kc4 Nh3 70. Kd5 Nf2 71.
Rb4 Nh3 72. Kd6 Nf2 73. Kd5 Nh3 74. Rb2 Nf4+ 75. Ke4 Kg8 76. Rc2 Kf8 77. Rc8+
Kg7 78. Rc6 Ng2 79. Kd3 Nf4+ 80. Ke3 Nd5+ 81. Kd2 Nf4 82. Rd6 Ne6 83. Kc3 Nc5
84. Kc4 Ne4 85. Ra6 Nf2 86. Kd5 Nd3 87. Ra3 Nf4+ 88. Kd6 Kf8 89. Kd7 Nd5 90.
Rd3 Nf4 91. Rd6 Ne6 92. Rb6 Nc5+ 93. Kd6 Ne6 94. Rb8+ Kg7 95. Ke7 Ng5 96. Rf8
e4 97. Ra8 Nf3 98. Ra4 Nd2 99. Ra3 Nc4 100. Rc3 Ne5 101. Re3 Nxg4 102. Rxe4 f5
103. Rf4 Ne3 104. Rf3 f4 105. Kd6 Kf6 106. Rxf4+ Nf5+ 107. Kd5 Kg5 108. Rf2
1/2-1/2